000 00752nam a2200253 a 4500
008
020 _a9780716750314 (hardback)
040 _aNUST
_cNUST
049 _aMAIN
090 _aQR360
_bLEV
100 1 _aLevine, Arnold J.,
_aauthor.
245 1 0 _aViruses/
_c Arnold J Levine.
260 _aNew York :
_bScientific American Library,
_c1992.
300 _ax, 240 pages :
_billustrations (chiefly colour) ;
_c24 cm.
336 _atext
_btxt
_2rdacontent
337 _aunmediated
_bn
_2rdamedia
338 _avolume
_bnc
_2rdacarrier
500 _aIncludes index.
650 1 _aViruses.
907 _a.b10409257
_b08-09-21
_c08-09-21
003
005 20230123141221.0
942 _cBOOKS
_kQR360
_mLEV
999 _c169685
_d169685